LTE, LTE-advanced and WiMAX : towards IMT-advanced networks (Record no. 10778)

000 -LEADER
fixed length control field 00486 a2200169 4500
020 ## - INTERNATIONAL STANDARD BOOK NUMBER
International Standard Book Number 9780470745687
040 ## - CATALOGING SOURCE
Original cataloging agency DLC
Language of cataloging DLC
082 ## - DEWEY DECIMAL CLASSIFICATION NUMBER
Classification number 621.38456
100 ## - MAIN ENTRY--PERSONAL NAME
Personal name Taha, Abd-Elhamid M.
110 ## - MAIN ENTRY--CORPORATE NAME
Corporate name or jurisdiction name as entry element Najah Abu Ali
245 ## - TITLE STATEMENT
Title LTE, LTE-advanced and WiMAX : towards IMT-advanced networks
Statement of responsibility, etc. Abd-Elhamid M. Taha
260 ## - PUBLICATION, DISTRIBUTION, ETC.
Place of publication, distribution, etc. UK
Name of publisher, distributor, etc. Wiley
Date of publication, distribution, etc. 2012
300 ## - PHYSICAL DESCRIPTION
Extent 275 p.
650 ## - SUBJECT ADDED ENTRY--TOPICAL TERM
Topical term or geographic name entry element Long-Term Evolution (Telecommunications)
700 ## - ADDED ENTRY--PERSONAL NAME
Personal name Abd-Elhamid M. Taha
942 ## - ADDED ENTRY ELEMENTS (KOHA)
Koha item type Book
Call number prefix 621.38456 TAH
Source of classification or shelving scheme
Holdings
Withdrawn status Lost status Damaged status Not for loan Collection code Permanent Location Current Location Shelving location Date acquired Source of acquisition Cost, normal purchase price Total Checkouts Full call number Barcode Date last seen Date last checked out Price effective from Koha item type
          Central Library (CL) Central Library (CL) General Stacks 03/27/2012 Eagle Information Marketing 7089.13 1 621.38456 TAH SEECS010940 08/11/2014 01/20/2014 01/05/2017 Book
© 2023 Central Library, National University of Sciences and Technology. All Rights Reserved.